Ekonomika daru, dar a jeho reflexe v ekonomické teorii
Pohľad na vznik ekonomiky daru. Inštitúcie, ktoré vzišli z ekonomiky daru. Dary a dárcovstvo v trhovej ekonomike. Ekonomický výklad neefektivity daru.
Enregistré dans:
| Auteur principal: | |
|---|---|
| Format: | Chapitre de livre |
| Langue: | tchèque |
| Sujets: | |
| Tags: |
Pas de tags, Soyez le premier à ajouter un tag!
|
MARC
| LEADER | 00000naa$a2200000$$$4500 | ||
|---|---|---|---|
| 001 | 0112132 | ||
| 005 | 20231121105524.2 | ||
| 041 | 0 | |a cze | |
| 044 | |a CZ | ||
| 245 | 1 | 0 | |a Ekonomika daru, dar a jeho reflexe v ekonomické teorii |c František Svoboda |
| 520 | |a Pohľad na vznik ekonomiky daru. Inštitúcie, ktoré vzišli z ekonomiky daru. Dary a dárcovstvo v trhovej ekonomike. Ekonomický výklad neefektivity daru. | ||
| 610 | 2 | 0 | |a dary |
| 610 | 2 | 0 | |a história |
| 610 | 2 | 0 | |a pomoc sociálna |
| 610 | 2 | 0 | |a zdaňovanie |
| 610 | 2 | 0 | |a zabezpečenie sociálne |
| 610 | 2 | 0 | |a teórie ekonomické |
| 610 | 2 | 0 | |a teória hier |
| 100 | 1 | |a Svoboda, František | |